Perros Salvajes / (Registro nro. 30645)

Detalles MARC
000 -LEADER
fixed length control field 00392nam a22001337a 4500
008 - FIXED-LENGTH DATA ELEMENTS--GENERAL INFORMATION
fixed length control field 240220b |||||||| |||| 00| 0 eng d
020 ## - INTERNATIONAL STANDARD BOOK NUMBER
International Standard Book Number 9788490567494
082 ## - DEWEY DECIMAL CLASSIFICATION NUMBER
Classification number A-N
Item number RANP
100 ## - MAIN ENTRY--PERSONAL NAME
Personal name Rankin, Ian
Relator term autor
9 (RLIN) 42243
245 ## - TITLE STATEMENT
Title Perros Salvajes /
Statement of responsibility, etc. Ian Rankin; traducido por Efrén del Valle
260 ## - PUBLICATION, DISTRIBUTION, ETC.
Place of publication, distribution, etc. Barcelona:
Name of publisher, distributor, etc. RBA libros,
Date of publication, distribution, etc. 2016
300 ## - PHYSICAL DESCRIPTION
Extent 438 páginas;
Dimensions 22 cm.
942 ## - ADDED ENTRY ELEMENTS (KOHA)
Source of classification or shelving scheme Dewey Decimal Classification
Existencias
Withdrawn status Lost status Source of classification or shelving scheme Damaged status Not for loan Home library Current library Shelving location Date acquired Total Checkouts Full call number Barcode Date last seen Date last checked out Copy number Price effective from Koha item type Public note
    Dewey Decimal Classification     Biblored Biblioteca Pública José María del Castillo y Rada Fiction 02/16/2024 1 A-N RANP 35714005595220 03/04/2024 03/04/2024 Ej. 1 02/20/2024 Books Material interbibliotecario Bibliored